Регионална библиотека "Любен Каравелов" - Русе

Трансфузионна хематология (Запис номер 57726)

MARC детайли
000 -Лидер
Контролно поле с фиксирана дължина nam a22 a 4500
003 - Код на организацията, давaща контролен номер
Контролно поле BLK
005 - Дата и час на последна редакция
Контролно поле 20220727101322.0
008 - Елементи от данни с фиксирана дължина
fixed length control field 180408b bul|||||r ||||||| ||bul||
010 ## - Наследен системен номер
LC control number KNG00061734000
040 ## - Източник на каталожния запис
Идентификатор на билиотеката - собственик на записа BLK
041 ## - Код за език
Код за езика на текст/звукозапис или на отделно заглавие Български
Код за езика КДБФ Български
080 ## - УДК
Текстов определител УДК Хемотерапия. Кръвопреливане - Кръвна плазма, кръвен серум, преливане. Кръвозаместители. Хипер-, изо- и хипотонични разтвори
УДК код - определител по УДК 615.38
УДК - код + определител 615.38
080 ## - УДК
Текстов определител УДК Болести на кръвта. Патологична хематология. Хематологични реакции - Хемофилия, ацидоза, бацилемия, хипергликемия, хипогликемия, хемоглобинопатия, диспротеинемия. Вж и 616. 94
УДК код - определител по УДК 616.15
УДК - код + определител 616.15
100 1# - Редна дума - Автор
Автор Серафимов-Димитров, Васил Стефанов
Авторска отговорност първи автор
R(LIN) 287817
139 ## - Редно поле
Редна дума Трансфузионна хематология
Авторски знак Тр - Т 79
245 10 - Сведения за заглавието
Заглавие Трансфузионна хематология
Подзаглавни данни Моногр.
Редно поле (дума) Васил Стефанов Серафимов-Димитров; ред. Васил Стефанов Серафимов-Димитров.
257 ## - Страна на издаване
Страна на създаване/издаване България
260 ## - Област на издателските данни
Име на издателя, разпространителя и проч. Медицина и физкултура
Година на издаване 1972
Място на издаване, разпространение и проч. София
300 ## - Физическа характеристика
Страници 432 с.
Илюстрации и др. с табл., диагр., 10 л. ил.
Размери/Мащаб 22 см
380 ## - Жанр
Жанр Медицина
500 ## - Общи забележки
Забележка Рез. на англ. ез. - Библиогр. след всеки раздел. - Предм. показалец
650 #4 - Допълнително описание по предмет – тема
Основно описание – тема или топоним Хематология
9 (RLIN) 176390
653 ## - Ключова дума – ненормативна
Ключова дума хематология
700 1# - Други автори (авторска отговорност)
Лично име Серафимов-Димитров, Васил Стефанов
Автороска отговорност (Описва отношението между автора и произведението) ред.
9 (RLIN) 369581
852 ## - Местоположение
Форматна сигнатура Цб 63642
856 4# - Електронен адрес и достъп
Електронен формат pdf - файл
856 4# - Електронен адрес и достъп
Електронен формат pdf - файл
999 ## - СИСТЕМНИ КОНТРОЛНИ НОМЕРА
Koha biblionumber 57726
Koha biblioitemnumber 57726
942 ## - АРТИКУЛИ
Вид на библиотечния материал Книги
Скрит в OPAC Не
Периодичен библиозапис Да
944 ## - СЪЗДАВАНЕ И РЕДАКЦИЯ на ЗАПИСА
Създаване/Редакция Създаване
Дата на регистрацията/редакция 13.06.2004
Служител, извършил регистрацията/редакцията Геновева_Генчева
944 ## - СЪЗДАВАНЕ И РЕДАКЦИЯ на ЗАПИСА
Създаване/Редакция Редакция
Дата на регистрацията/редакция 24.10.2006
999 ## - СИСТЕМНИ КОНТРОЛНИ НОМЕРА
Koha biblioitemnumber 57726
Наличности
Код за отписване Код за изгубен артикул Източник на класификационната схема Код за повреда Коз за рестрикции Код за отдаване Артикулен № Име на библиотеката - собственик Име на библиотеката, в която се намира в момента Статус (Текущо местоположение) Дата на вписване в системата Местоположение - отдел Цена в лева Инвентарен номер Систематично азбучна сигнатура Баркод Номер на екземпляра Цена в евро Служебна бележка Служебен тип на артикула
  Не е изгубен Universal Decimal Classification Не е повреден само за читалня ползва се в читалня 94086 Регионална библиотека "Любен Каравелов" Русе Регионална библиотека "Любен Каравелов" Русе Хранилище 1972-01-01 Хранилище 3.86 118603 Цб 63642 120000118603 1 1.97 Дост: Dp Вид: Д N: стар фонд Дата: 01.01.1972 Книги
Изтеглен Не е изгубен Universal Decimal Classification Не е повреден без рестрикции ползва се в читалня 94087 Регионална библиотека "Любен Каравелов" Русе Регионална библиотека "Любен Каравелов" Русе Хранилище 1972-01-01 Основен фонд - ползва се само за читалня 0.00 120498 Цб 63642 120498 2 0.00 Дост: Dp Вид: Ф N: стар фонд Дата: 01.01.1972 Книги
Изтеглен Не е изгубен Universal Decimal Classification Не е повреден без рестрикции ползва се в читалня 94088 Регионална библиотека "Любен Каравелов" Русе Регионална библиотека "Любен Каравелов" Русе Читалня 1972-01-01 Читалня 3.86 120500 Ч 615/Т 79 120500 3 1.97 Дост: Dp Вид: Ф N: стар фонд Дата: 01.01.1972 Дата инв: 17.03.2017 Бележки инв: Ч2017 Книги
Vip Innovations Ltd, Rousse, Bulgaria 2025